000 00719nam a2200193Ia 4500
005 20251020182612.0
008 200515s9999 xx 000 0 und d
082 _aSC/681.337:331/O36
110 _aOIT
245 0 _aTrabajo con pantallas de visualización : Fichas informativas
260 _aGinebra
260 _c1988
300 _a103
520 _aContiene resúmenes de disposiciones de reglamentaciones y leyes, convenios colectivos, códigos- tipo, directrices y declaraciones de política concernientes al uso de unidades de presentación visual. Estos resúmenes han sido seleccionados y publicados a ma
650 _aCONVENIOS COLECTIVOS
650 _aLEGISLACION
650 _aPUB OIT
942 _cLIB
999 _c3377
_d3377